000 00483nam a2200169Ia 4500
008 110201s9999 xx 000 0 und d
082 _bB416
_aK 236
100 _aमंगेशकर गीता
245 _aदौलत
_bका
260 _bप्रिया प्रकाशन
365 _b45
600 _aमंगेशकर गीता
630 _aदौलत
700 _aमंगेशकर गीता
730 _aदौलत
942 _cBOOK
999 _c827912
_d827909